| 000 | 01279nam a22003737a 4500 | ||
|---|---|---|---|
| 003 | CHAP | ||
| 005 | 20220329143720.0 | ||
| 008 | 110331s1997 mx a r 00010 spa d | ||
| 010 | _a100797 | ||
| 011 | _a101769 | ||
| 020 | _a9681636961 | ||
| 035 | _a112457 | ||
| 040 | _cCHAP | ||
| 082 | 0 | 4 |
_a972.020972 _bC81 |
| 100 | 1 |
_aCorcuera de Mancera, Sonia _927936 |
|
| 245 | 1 | 3 |
_aEl fraile, el indio y el pulque : _bevangelización y embriaguez en la Nueva España (1523 - 1548) _c/por Sonia Corcuera de Mancera |
| 260 |
_aMéxico, D.F. : _bFCE, _cc1997 |
||
| 300 |
_a309 p. : _bilus. |
||
| 490 | _aSección de obras de historia | ||
| 590 |
_aBATCH-UPD _b10 _c20130110 _lUCH01 _h0944 |
||
| 590 |
_aBATCH-UPD _b10 _c20130410 _lUCH01 _h0600 |
||
| 590 |
_aBATCH-UPD _b10 _c20130913 _lUCH01 _h1925 |
||
| 590 |
_aCONVERSION _b10 _c20130109 _lUCH01 _h1356 |
||
| 650 | 1 | 4 |
_aAculturación. _9798 |
| 650 | 1 | 4 |
_aCristianismo. _928989 |
| 650 | 1 | 4 |
_aIndios de México _xReligión y mitología. _957636 |
| 650 | 1 | 4 |
_aMéxico _xHistoria _xConquista. _976756 |
| 650 | 1 | 4 |
_aPulque _xHistoria. _993014 |
| 650 | 1 | 4 |
_aVino. _9119855 |
| 830 | 0 |
_aSección de obras de historia _9103507 |
|
| 901 | _aBK | ||
| 942 | _cLIBRO | ||
| 949 |
_a972.020972 C81 _bBC _cLIBRO _d33724002259587 _eLIBRO _h114544 _i112457 _si |
||
| 999 |
_c100797 _d100797 |
||